Rules of disengagement (Record no. 135784)
[ view plain ]
| 000 -LEADER | |
|---|---|
| fixed length control field | 01764nam a2200409 a 4500 |
| 082 04 - DEWEY DECIMAL CLASSIFICATION NUMBER | |
| Classification number | 172/.42 |
| 100 1# - MAIN ENTRY--AUTHOR NAME | |
| Personal name | Cohn, Marjorie, |
| 245 10 - TITLE STATEMENT | |
| Title | Rules of disengagement |
| 260 ## - PUBLICATION, DISTRIBUTION, ETC. (IMPRINT) | |
| Place of publication | [Sausalito, Calif. : |
| Name of publisher | PoliPoint Press ; |
| Place of publication | La Vergne, Tenn. : |
| Name of publisher | Distributed by Ingram Publisher Services], |
| Year of publication | c2009. |
| 300 ## - PHYSICAL DESCRIPTION | |
| Number of Pages | 227 p. |
| 650 #0 - SUBJECT ADDED ENTRY--TOPICAL TERM | |
| Topical Term | Selective conscientious objection |
| Topical Term | Military ethics |
| Topical Term | War |
| Topical Term | Vietnam War, 1961-1975 |
| Topical Term | Afghan War, 2001- |
| Topical Term | Iraq War, 2003-2011 |
| Topical Term | Soldiers |
| 700 1# - ADDED ENTRY--PERSONAL NAME | |
| Personal name | Gilberd, Kathleen. |
| 856 40 - ELECTRONIC LOCATION AND ACCESS | |
| Uniform Resource Identifier | http://site.ebrary.com/lib/rucke/Doc?id=10539312 |
No items available.
